000 00692nam a2200217Ia 4500
001 10173
003 GE_BSU
008 181216s||||||||xx |||||||||||||| ||und||
040 _cGE_BSU
080 _a821.353.1–1
100 _aსულაბერიძე,ლადო
245 _aლექსები.პოემა
245 _bპოემა
245 _cრედ.ლ.ნანიტაშვილი.მხატვ.ი.ჯანაშვილი
260 _aთბილისი
260 _bსაბჭოთა საქართველო
260 _c1965
300 _a85გვ.16სმ.
653 _aლექსები.პოემა
942 _cBK
999 _c43443
_d43443